书目信息 |
| 题名: |
泡沫经济:透视中国的第三只眼睛
|
|
| 作者: | 史仲文 , 庞毅 著 | |
| 分册: | ||
| 出版信息: | 北京 中华工商联合出版社 1996.08 |
|
| 页数: | 540页 | |
| 开本: | 32开 | |
| 丛书名: | ||
| 单 册: | ||
| 中图分类: | F12 | |
| 科图分类: | ||
| 主题词: | 经济--中国 | |
| 电子资源: | ||
| ISBN: | 7-80100-261-X | |
| 000 | 00625nam0 2200205 45 | |
| 001 | 0006111191 | |
| 005 | 20001123170527.5 | |
| 010 | @a7-80100-261-X@d23.80元 | |
| 100 | @a20000611d1996 km y0chiy0120 ea | |
| 101 | 0 | @achi |
| 105 | @a z 000yy | |
| 200 | 1 | @a泡沫经济:透视中国的第三只眼睛@APao Mo Jing Ji:Tou Shi Zhong Guo De Di San Zhi Yan Jing@f史仲文,庞毅著@FShi Zhong Wen,Pang Yi Zhu |
| 210 | @a北京@c中华工商联合出版社@d1996.08 | |
| 215 | @a540页@d32开 | |
| 606 | 0 | @a经济@x中国 |
| 690 | @aF12@v3 | |
| 701 | 0 | @a史仲文@4著 |
| 701 | 0 | @a庞毅@4著 |
| 801 | @aCN@bPftUser@c20000611 | |
| 905 | @dF12@eSH879@b502231-232@f2 | |
| 泡沫经济:透视中国的第三只眼睛/史仲文,庞毅著.-北京:中华工商联合出版社,1996.08 |
| 540页;32开 |
| ISBN 7-80100-261-X:23.80元 |
| ● |
| 相关链接 |
|
|
|
正题名:泡沫经济:透视中国的第三只眼睛
索取号:F12/SH879
 
预约/预借
| 序号 | 登录号 | 条形码 | 馆藏地/架位号 | 状态 | 备注 |
| 1 | 502231 | 205022312 | 社科库409/409社科库 67排3列2层/ [索取号:F12/SH879] | 在馆 | |
| 2 | 502232 | 205022321 | 社科库409/409社科库 67排2列2层/ [索取号:F12/SH879] | 在馆 |